[Event "Mislata op-B"]
[Site "Mislata"]
[Date "2010.08.17"]
[Round "3"]
[White "Martinez Piqueras, Carlos Gustavo"]
[Black "Romero Serrate, Ignacio"]
[Result "1-0"]
[WhiteElo "2090"]
[BlackElo "2033"]
[PlyCount "45"]
[EventDate "2010.08.16"]
[EventType "swiss"]
[EventRounds "9"]
[EventCountry "ESP"]
[SourceTitle "EXT 2012"]
[Source "ChessBase"]
[SourceDate "2011.11.24"]
[SourceVersion "1"]
[SourceVersionDate "2011.11.24"]
[SourceQuality "1"]

1. d4 d5 2. c4 e6 3. Nc3 c6 4. Nf3 dxc4 5. a4 Bb4 6. Ne5 Qd5 7. e3 b5 8. Be2 Bxc3+ 9. bxc3 f6 10. Bf3 Qd6 11. Ba3 Qc7 12. Nxc6 Nxc6 13. axb5 Nge7 14. bxc6 Nd5 15. Qa4 a5 16. Qxc4 Ba6 17. Qc5 Rc8 18. c4 Nb6 19. Rc1 Kf7 20. 0-0 Rhd8 21. Rfd1 g6 22. d5 e5 23. d6 1-0

[Event "Mislata op-B"]
[Site "Mislata"]
[Date "2010.08.16"]
[Round "1"]
[White "Moreno Antonio, Mario"]
[Black "Romero Serrate, Ignacio"]
[Result "0-1"]
[WhiteElo "1863"]
[BlackElo "2033"]
[PlyCount "76"]
[EventDate "2010.08.16"]
[EventType "swiss"]
[EventRounds "9"]
[EventCountry "ESP"]
[SourceTitle "EXT 2012"]
[Source "ChessBase"]
[SourceDate "2011.11.24"]
[SourceVersion "1"]
[SourceVersionDate "2011.11.24"]
[SourceQuality "1"]

1. d4 d5 2. Nf3 c6 3. Nbd2 f5 4. Ne5 Nf6 5. e3 e6 6. Be2 Nbd7 7. Ndf3 Bd6 8. 0-0 Qc7 9. Nd3 Ne4 10. h4 0-0 11. b4 a5 12. Bd2 Nxd2 13. Qxd2 axb4 14. Nxb4 f4 15. c4 fxe3 16. fxe3 Nf6 17. Qb2 Ne4 18. c5 Bg3 19. Nd3 Qe7 20. Nde5 Bxe5 21. Nxe5 Rxf1+ 22. Rxf1 Qxh4 23. Nf3 Qh6 24. Qb6 Qxe3+ 25. Kh2 h6 26. Bd1 Qf4+ 27. Kg1 Ng3 28. Rf2 Qc1 29. Kh2 Ne4 30. Rf1 Qf4+ 31. Kg1 Qg3 32. Qd8+ Kh7 33. Bc2 Rxa2 34. Bxe4+ dxe4 35. Ne1 Ra8 36. Qe8 Qe3+ 37. Kh1 Qe2 38. Rf8 Qxe1+ 0-1